01006 2200289 4500001002100000005001500021035002500036007000300061008004100064020002200105040001700127082001000144084001600154100004300170245013700213250002000350260012000370300004400490500002600534650003300560700003300593850001200626041000800638504003400646990001800680990001800698INLIS00000000001906420200723120513 a0010-041600000000068ta160405s2011 jkia f f jpn d a978-602-8722-19-3 aYOPDYOGbind a332.3 a332.3 SAR k aSARAGIH, Juli Panglimad1964-epenulis aKebijakan pengembangan lembaga keuangan mikro :burgensi dan permasalahannya /cJuli Panglima Saragih; penyunting, Agus Eko Nugroho. aCetakan pertama aJakarta :bPusat Pengkajian Pengolahan Data dan Informasi (P3DI) Sekretariat Jenderal DPR Republik Indonesia,c2011 axii, 129 hlm. :bilus. ;lamp. ;c25 cm. aBibliografi : 107-108 aLembaga Pembiayaan-Indonesia aAgus Eko Nugrohoepenyunting aYOPDYOG aind aBibliografi: halaman 107-108. a51088-PD/A.16 a51088-PD/A.16